Statistics for Fast Math Prime Numbers

Click here to take the quiz!

General Stats

  • This quiz has been taken 66 times
  • The average score is 14 of 20

Answer Stats

XPrime ≥ X% Correct
103103
100%
104107
100%
106107
100%
107107
100%
811
100%
1011
100%
111113
100%
112113
100%
113113
100%
120127
100%
124127
100%
121127
100%
115127
100%
117127
100%
128131
100%
130131
100%
131131
100%
137137
100%
134137
100%
143149
100%
145149
100%
151151
100%
154157
100%
163163
100%
160163
100%
164167
100%
166167
100%
171173
100%
172173
100%
177179
100%
178179
100%
174179
100%
180181
100%
1819
100%
182191
100%
185191
100%
188191
100%
187191
100%
192193
100%
198199
100%
199199
100%
22
100%
200211
100%
203211
100%
208211
100%
216223
100%
223223
100%
212223
100%
225227
100%
226227
100%
229229
100%
2123
100%
2023
100%
2223
100%
232233
100%
230233
100%
231233
100%
239239
100%
234239
100%
241241
100%
249251
100%
252257
100%
265269
100%
264269
100%
269269
100%
268269
100%
267269
100%
281281
100%
2529
100%
2629
100%
2429
100%
288293
100%
292293
100%
284293
100%
293293
100%
299307
100%
3031
100%
3131
100%
3437
100%
3941
100%
4343
100%
4547
100%
4647
100%
4747
100%
45
100%
5353
100%
5053
100%
4853
100%
5859
100%
5659
100%
5559
100%
6367
100%
6567
100%
6667
100%
6767
100%
67
100%
6971
100%
7171
100%
7071
100%
6871
100%
7273
100%
7479
100%
7879
100%
8383
100%
8183
100%
8489
100%
8589
100%
8889
100%
8989
100%
9097
100%
9197
100%
9297
100%
9397
100%
9697
100%
9797
100%
214223
80%
3737
80%
3637
75%
3537
75%
102103
67%
125127
67%
1919
67%
190191
67%
251251
67%
248251
67%
4041
67%
4447
67%
55
67%
6061
67%
8689
67%
101101
50%
1111
50%
122127
50%
127127
50%
119127
50%
1313
50%
133137
50%
146149
50%
155157
50%
161163
50%
176179
50%
181181
50%
183191
50%
184191
50%
189191
50%
196197
50%
12
50%
202211
50%
204211
50%
221223
50%
262263
50%
266269
50%
271271
50%
278281
50%
5459
50%
7579
50%
7779
50%
8083
50%
116127
33%
139139
33%
173173
33%
179179
33%
3337
33%
129131
25%
99101
0%
98101
0%
100101
0%
105107
0%
108109
0%
109109
0%
911
0%
110113
0%
118127
0%
114127
0%
123127
0%
126127
0%
1213
0%
136137
0%
132137
0%
135137
0%
138139
0%
140149
0%
144149
0%
142149
0%
141149
0%
148149
0%
147149
0%
149149
0%
150151
0%
156157
0%
152157
0%
153157
0%
157157
0%
162163
0%
159163
0%
158163
0%
165167
0%
167167
0%
1717
0%
1617
0%
1417
0%
1517
0%
168173
0%
170173
0%
169173
0%
175179
0%
186191
0%
191191
0%
193193
0%
197197
0%
194197
0%
195197
0%
205211
0%
201211
0%
210211
0%
211211
0%
209211
0%
207211
0%
206211
0%
213223
0%
217223
0%
218223
0%
219223
0%
220223
0%
222223
0%
215223
0%
224227
0%
227227
0%
228229
0%
2323
0%
233233
0%
235239
0%
236239
0%
237239
0%
238239
0%
240241
0%
243251
0%
250251
0%
247251
0%
245251
0%
244251
0%
246251
0%
242251
0%
253257
0%
257257
0%
256257
0%
255257
0%
254257
0%
259263
0%
258263
0%
260263
0%
261263
0%
263263
0%
270271
0%
275277
0%
274277
0%
273277
0%
276277
0%
277277
0%
272277
0%
280281
0%
279281
0%
283283
0%
282283
0%
2829
0%
2729
0%
2929
0%
286293
0%
285293
0%
287293
0%
289293
0%
290293
0%
291293
0%
33
0%
300307
0%
295307
0%
296307
0%
297307
0%
298307
0%
294307
0%
3237
0%
3841
0%
4141
0%
4243
0%
5253
0%
5153
0%
4953
0%
5959
0%
5759
0%
6161
0%
6467
0%
6267
0%
77
0%
7373
0%
7979
0%
7679
0%
8283
0%
8789
0%
9497
0%
9597
0%

Score Distribution

Percentile by Number Answered

Percent of People with Each Score

Your Score History

You have not taken this quiz